000 00635nam a2200205Ia 4500
003 GCL
008 140319s9999 xx 000 0 ara d
040 _aGCL /
_cGCL
082 0 4 _a809.93355
_bش ر
100 1 _aشوقى ضيف
245 1 0 _aالرحلات /
_cشوقى ضيف
260 _aالقاهرة :
_bدار المعارف ،
_c1987
300 _a125 ص ؛
_c24 سم
490 _aفنون الادب العربى الفن القصصى
_v0
650 0 4 _aالادب العربى
650 0 4 _aالقصص العربية
650 0 4 _aالرحلات فى الادب
650 0 4 _aتاريخ ونقد
942 _2ddc
_cBK
999 _c27525
_d27525